Sports Quiz

Random Sports or NHL Quiz
Score 0/19 Timer 05:00
1 Play Today
Hint Answer % Correct
NFLNew England Patriots
80.3%
NFLCarolina Panthers
71.9%
NHLFlorida Panthers
71.8%
NFLSeattle Seahawks
71.3%
NFLPittsburgh Steelers
70.9%
NFLMiami Dolphins
67%
NFLWashington Redskins
66.4%
NFLLos Angeles Chargers
64.1%
MLBChicago White Sox
63.6%
NBAGolden State Warriors
56.5%
Hint Answer % Correct
MLBToronto Blue Jays
51.9%
MLBSeattle Mariners
50.6%
NBALos Angeles Clippers
49.8%
NHLDetroit Red Wings
48.5%
NHLPittsburgh Penguins
47.5%
MLBPhiladelphia Phillies
45.9%
NBANew Orleans Pelicans
43.7%
NHLOttawa Senators
38.6%
NHLWashington Capitals
34.9%
Come Together.
Have Fun.
All Virtual.
We all need to come together. Play Sporcle's virtual live trivia to have fun, connect with people, and get your trivia on. Join a live hosted trivia game for your favorite pub trivia experience done virtually. If a virtual private party is more your thing, go here for details.

You're not logged in!

Compare scores with friends on all Sporcle quizzes.
OR
Log In

Sporcle TV

Today on Sporcle TV


Watch our educational content, quiz creation guides, and fun videos on Sporcle TV.

Show Comments

Extras

Top Quizzes Today


Score Distribution

Paid Content

Your Account Isn't Verified!

In order to create a playlist on Sporcle, you need to verify the email address you used during registration. Go to your Sporcle Settings to finish the process.

Report this User

Report this user for behavior that violates our Community Guidelines.

Details: